000 00939nam a22002537a 4500
005 20170124103002.0
010 _aA-519811
020 _c50.00
035 _aA-519811
037 _bCen Lib/Ret
040 _aDPL
_bHN
082 _a
_bअरुण
100 _aअरुण प्रकाश
_9210
245 _aभैया एक्सप्रेस /
_cअरुण प्रकाश
246 _aBhaiya express /
_bby Arun Prakash
260 _a दिल्ली
_bआयाम प्रकाशन
_c1992
270 _a1/11873, नवीन शाहदरा
_b दिल्ली
_e110032
300 _a135पृ.
_c16सेमी(सजिल्द )
650 _aहिंदी साहित्य
_x
_z
_955166
650 _aहिंदी कहानियां
_92082
650 _aHindi literature
_v
_955167
650 _aHindi Stories
_955168
942 _2ddc
_cHN
_h
_mअरुण
999 _c114064
_d114064